000 00744nam a22002177a 4500
999 _c14350
_d14350
003 AR-CdUCM
008 190422b ||||| |||| 00| 0 spa d
040 _aMUNICIPALIDAD PROVINCIAL DEL CUSCO
_cBIBLIOTECA MUNICIPAL DEL CUSCO
082 _a868.431 /
_bP23 / 1982
100 _aPantigoso, Manuel
_933091
245 _aContra punto de la mitomania /
260 _aMalaga :
_bPeralta,
_c1982.
300 _c21 cm.
500 _aTexto no cuenta con numeración de pagina. Donación a la familia Nieto.
505 _aContenido : Contra punto de la mitomania -- Viola-do -- Ultramar -- Azul -- Verde ...
650 _aPoesía
_9139
650 _aEspañola
_924066
650 _aSiglo XX
_98
942 _2ddc
_cLIBROS
945 _arah
_d22/04/2019